Responses for show #970 - Friday, November 18, 1988

1988 Tournament of Champions final game 2.

Contestants

Mark Lowenthal, a State Department employee from Reston, Virginia (subtotal of $5,000)

Sandra Gore, a researcher originally from Boston, Massachusetts (subtotal of $13,000)

Bruce Naegeli, a librarian from Phoenix, Arizona (subtotal of $12,800)

Jeopardy! Round responses

CORPORATE AMERICA
WOMEN IN WESTERNS
ART
PATRON SAINTS
THE YEAR THAT WAS
ABBREV.
    $100 26
Sea World

Sandra
    $100 7
Dale Evans

Bruce
    $100 16
Moorish

Bruce
    $100 6
St. Christopher

Sandra
    $100 5
1984

Bruce
    $100 25
Bronze/Brass

Mark
    $200 27
(Less than a minute to go)

Mint

Triple Stumper
    $200 12
"High Noon"

Mark
    $200 19
Florence

Sandra
    $200 4
St. Nicholas

Mark
    $200 8
1981

Mark
    $200 22
Disabled American Veterans

Sandra
    $300 28
(Mark: What is aluminium?)
[Originally ruled correct; reversed before Double Jeopardy!]

aluminum

Mark
Triple Stumper
    $300 13
Natalie Wood

Mark
    $300 20
Rijksmuseum

Bruce
    $300 3
St. Mark

Bruce
    $300 9
1979

Mark
    $1,000 21
Hawaii, Pennsylvania, Massachusetts, Oklahoma, and Alabama

Bruce
    $400 29
Chevrolet

Sandra
    $400 14
Jean Arthur

Mark
    $400 23
Landscapes

Mark
    $400 2
(S: Who is St. Francis?)

St. Thomas Aquinas

BruceSandra
    $400 10
1986

Bruce
    $400 18
American Sign Language

Sandra
    $500 30
Oil

Mark
    $500 15
(S: Who is Deborah Kerr?)

Marilyn Monroe

SandraMark
    $500 24
Wassily Kandinsky

Sandra
    $500 1
St. Vincent de Paul

Triple Stumper
    $500 11
1957

Mark
    $500 17
Bureau of Labor Statistics

Bruce

Scores at the first commercial break (after clue 15):

Bruce Sandra Mark
$1,300 -$800 $2,600

Scores at the end of the Jeopardy! Round:

Bruce Sandra Mark
$3,200 $1,000 $3,300

Double Jeopardy! Round responses

WORLD WAR I
LITERATURE
ANATOMY
BROADWAY MUSICALS
STATE CAPITALS
"HUGH"S & "HUGHES"
    $200 3
Kaiser Wilhelm II

Sandra
    $200 19
The Ancient Mariner

Sandra
    $200 30
fingers/toes

Sandra
    $200 20
Damn Yankees

Bruce
    $200 14
Topeka

Mark
    $200 29
Hugh Downs

Sandra
    $400 9
Russia

Bruce
    $400 18
Norman Mailer

Sandra
    $400 24
(1 of) glucagon & insulin

Sandra
    $400 5
(Sandra: What is the signing of the Constitution?)

the signing of the Declaration of Independence

BruceSandra
    $1,000 13
(Bruce: I'm going to kick myself , but I have no clue...)

Indianapolis

Bruce
    $400 28
Howard Hughes

Mark
    $600 8
Turkey

Mark
    $600 15
Katherine Anne Porter

Sandra
    $600 23
the ear

Mark
    $1,000 1
Show Boat

Sandra
    $600 12
Missouri

Bruce
    $600 25
Langston Hughes

Mark
    $800 7
Austria-Hungary

Bruce
    $800 16
Jim Hawkins

Mark
    $800 22
the scapula

Mark
    $800 2
Into the Woods

Mark
    $800 11
(Sandra: What is Montgomery?)

Tallahassee (or Austin)

SandraMark
    $800 26
Thomas Hughes

Triple Stumper
    $1000 6
Arthur (or Alfred) Zimmerman

Bruce
    $1000 17
Owl Creek Bridge

Mark
    $1000 21
(Bruce: What is the pericordium?)

the pericardium

BruceSandra
    $1000 4
Applause

Sandra
    $1000 10
Oklahoma City

Bruce
    $1000 27
Hugh Capet

Mark

Scores at the end of the Double Jeopardy! Round:

Bruce Sandra Mark
$5,600 $5,000 $10,900

[wagering suggestions for these scores]

Final Jeopardy! Round responses

ELECTIONS
[NOTE: Since this clue was in 1988, four years later, George H.W. Bush would be added to the list since he lost his bid for re-election to Bill Clinton.]
SandraWho are Ford, Johnson + Hoover?
$5,000
BruceWho are Taft, Hoover + Carter
$399
MarkWho are Taft, Hoover + Ford?
$8,101
(3 of) Taft, Hoover, Carter, & Ford

Final scores:

Bruce Sandra Mark
$5,999 $0 $19,001

Cumulative scores:

Bruce Sandra Mark
$18,799 $13,000 $24,001
1st runner-up: $18,799 2nd runner-up: $13,000 Tournament champion: $100,000

Game dynamics:

Coryat scores:

Bruce Sandra Mark
$5,900 $4,600 $10,900
16 R
(including 1 DD),
2 W
(including 1 DD)
17 R
(including 1 DD),
4 W
22 R,
1 W

Combined Coryat: $21,400

The J! Archive is created by fans, for fans. The Jeopardy! game show and all elements thereof, including but not limited to copyright and trademark thereto, are the property of Jeopardy Productions, Inc. and are protected under law. This website is not affiliated with, sponsored by, or operated by Jeopardy Productions, Inc. Join the discussion at JBoard.tv.